Every Municipality in Wyoming by Population - Statistics

General Stats
  • This quiz has been taken 89 times
  • The average score is 12 of 99
Answer Stats
Answer Population % Correct
Cheyenne 65,132
100%
Casper 59,038
90%
Gillette 33,403
80%
Laramie 31,407
80%
Rock Springs 23,526
70%
Sheridan 18,737
70%
Green River 11,825
60%
Rawlins 8,221
60%
Cody 10,028
50%
Jackson 10,760
50%
Douglas 6,386
40%
Evanston 11,747
40%
Lander 7,546
40%
Riverton 10,682
40%
Torrington 6,119
40%
Buffalo 4,415
30%
Powell 6,419
30%
Afton 2,172
20%
Lost Springs 6
20%
Thermopolis 2,725
20%
Worland 4,733
20%
Bar Nunn 2,981
10%
Dubois 911
10%
Evansville 2,746
10%
Glenrock 2,420
10%
Kemmerer 2,415
10%
Lusk 1,541
10%
Lyman 2,135
10%
Mills 4,034
10%
Pinedale 2,005
10%
Shoshoni 471
10%
Ten Sleep 246
10%
Albin 169
0%
Alpine 1,220
0%
Baggs 411
0%
Bairoil 68
0%
Basin 1,288
0%
Bear River 522
0%
Big Piney 395
0%
Burlington 314
0%
Burns 356
0%
Byron 562
0%
Chugwater 175
0%
Clearmont 116
0%
Cokeville 502
0%
Cowley 762
0%
Dayton 822
0%
Deaver 154
0%
Diamondville 520
0%
Dixon 74
0%
East Thermopolis 229
0%
Edgerton 153
0%
Elk Mountain 150
0%
Encampment 452
0%
Fort Laramie 206
0%
Frannie 145
0%
Glendo 237
0%
Granger 98
0%
Greybull 1,651
0%
Guernsey 1,130
0%
Hanna 683
0%
Hartville 64
0%
Hudson 431
0%
Hulett 309
0%
Kaycee 247
0%
Kirby 76
0%
La Barge 394
0%
La Grange 372
0%
Lingle 403
0%
Lovell 2,243
0%
Manderson 88
0%
Manville 92
0%
Marbleton 861
0%
Medicine Bow 245
0%
Meeteetse 309
0%
Midwest 285
0%
Moorcroft 946
0%
Mountain View 1,278
0%
Newcastle 3,374
0%
Opal 64
0%
Pavilion 230
0%
Pine Bluffs 1,172
0%
Pine Haven 493
0%
Ranchester 1,064
0%
Riverside 66
0%
Rock River 211
0%
Rolling Hills 427
0%
Saratoga 1,702
0%
Sinclair 374
0%
Star Valley Ranch 1,866
0%
Sundance 1,032
0%
Superior 184
0%
Thayne 380
0%
Upton 898
0%
Van Tassell 22
0%
Wamsutter 203
0%
Wheatland 3,588
0%
Wright 1,644
0%
Yoder 131
0%
No matching quizzes found
Score Distribution
Percent of People with Each Score
Percentile by Number Answered
Your Score History
You have not taken this quiz